| 000 | 01345nam a22003377a 4500 | ||
|---|---|---|---|
| 003 | CHAP | ||
| 005 | 20220329135744.0 | ||
| 008 | 971013s1958 r 00010 d | ||
| 010 | _a41553 | ||
| 011 | _a42525 | ||
| 035 | _a46654 | ||
| 040 | _cCHAP | ||
| 082 |
_a634.967 _bF67 |
||
| 245 | _aForest lepidoptera of Canada | ||
| 260 |
_aOttawa : _bDept. of Agriculture. Forest Insect Survey, _c1958-63 |
||
| 300 |
_a4 v. _b: ilus. |
||
| 505 | _aContenido : v.1 Papilionidae to Arctiidae .- v.2 Nycteolidae, Noctuidae, Liparidae .- v.3 Lasiocampidae, Thyatiridae, Drepanidae, Geometridae .- v.4 Microlepidoptera | ||
| 590 |
_aBATCH-UPD _b10 _c20130110 _lUCH01 _h1630 |
||
| 590 |
_aBATCH-UPD _b10 _c20130410 _lUCH01 _h1022 |
||
| 590 |
_aBATCH-UPD _b10 _c20130914 _lUCH01 _h1722 |
||
| 590 |
_aCONVERSION _b10 _c20130109 _lUCH01 _h1323 |
||
| 650 | 1 | 4 |
_aÁrboles _xMalas hierbas _xControl. _96620 |
| 650 | 1 | 4 |
_aLepidópteros. _966252 |
| 901 | _aBK | ||
| 942 | _cLIBRO | ||
| 949 |
_a634.967 F67 _bBC _cC _d33724000650909 _eC _fv.2 _h26159 _i46654 _mD _si |
||
| 949 |
_a634.967 F67 _bBC _cC _d33724000650925 _eC _fv.4 _h26161 _i46654 _si |
||
| 949 |
_a634.967 F67 _bBC _cC _d33724000650933 _eC _fv.1 _h26158 _i46654 _mD _si |
||
| 949 |
_a634.967 F67 _bBC _cC _d33724000650966 _eC _fv.3 _h26160 _i46654 _si |
||
| 949 |
_a634.967 F67 _bBC _cLIBRO _d33724000236600 _eLIBRO _fv.3 c.2 _i46654 _si |
||
| 999 |
_c41553 _d41553 |
||